MARC

LEADER 00000nam0a2200000 4500
001 43356
005 20231031020141.0
035 |a (RuTPU)RU\TPU\book\44835 
090 |a 43356 
100 |a 20021008d1979 m y0rusy50 ca 
101 0 |a rus 
102 |a RU 
105 |a a j 001zy 
200 1 |a Аналитические методы в теплопроводности твердых тел  |e учебное пособие  |f Э. М. Карташов 
210 |a Москва  |c Высшая школа  |d 1979 
215 |a 415 с.  |c ил. 
320 |a Библиогр.: с. 408-413. 
610 1 |a физика 
610 1 |a теплопроводность 
610 1 |a твердые тела 
610 1 |a математическая физика 
610 1 |a ряды Фурье 
610 1 |a интегральные преобразования 
610 1 |a уравнения 
610 1 |a учебные пособия 
675 |a 536.2(075.8)  |v 3 
700 1 |a Карташов  |b Э. М.  |g Эдуард Михайлович 
801 1 |a RU  |b 63413507  |c 20021008  |g PSBO 
801 2 |a RU  |b 63413507  |c 20150310  |g PSBO 
942 |c BK